Statistics for Countries of Europe quiz with hints

Click here to take the quiz!

General Stats

  • This quiz has been taken 9 times
  • The average score is 21 of 45

Answer Stats

hintAnswer% Correct
Wolfgang Amadeus Mozart is born hereAustria
83%
Santa Claus lives hereFinland
83%
Birthplace of the RenaissanceItaly
83%
Where Ikea is fromSweden
83%
Flag has a black double-headed eagle in the centerAlbania
67%
It's people are the world's heaviest consumer of beerCzechia
67%
Home to Mount Olympus: The home of the GodsGreece
67%
Also known as MagyarországHungary
67%
Recognized by 113 UN member statesKosovo
67%
The most densely-populated country in the worldMonaco
67%
The first country to legalise same-sex marriageNetherlands
67%
Lost 1/5th of its population during WW2Poland
67%
Formed through a marriage between Isabella I and Ferdinand IISpain
67%
The Industrial Revolution started hereUnited Kingdom
67%
Smallest country in the worldVatican City
67%
It is a Co-principalityAndorra
50%
''Republika Srpska'' is a legal entity in this countryBosnia and Herzegovina
50%
The world's least religious countryEstonia
50%
Has the most Nobel Prizes for LiteratureFrance
50%
Ranked number 1 in the Global Peace IndexIceland
50%
it's biggest city is SchaanLiechtenstein
50%
First to declare independence from the Soviet UnionLithuania
50%
Has ''the George Cross'' on the national flagMalta
50%
Has the highest Human Development index in the worldNorway
50%
First colonial power to abolish slaveryPortugal
50%
formed through a personal union between Moldavia and WallachiaRomania
50%
The successor state of the Soviet UnionRussia
50%
''Europe's last dictatorship''Belarus
33%
Home to ''Manneken Pis''Belgium
33%
It has the lowest income inequality in the worldDenmark
33%
Won the most Eurovision Song Contests: 7Ireland
33%
it's the only Grand duchy in the worldLuxembourg
33%
O-zone, famous for "Dragostea Din Tei" comes from hereMoldova
33%
The oldest extant sovereign stateSan Marino
33%
Štefan Banič, known for the parachute comes from hereSlovakia
33%
It's last war was in 1847: Sonderbund WarSwitzerland
33%
Shaking with head: yes and nodding: NoBulgaria
17%
Home to the world's smallest town: HumCroatia
17%
The first country to adopt ''Summer time''Germany
17%
Home to the widest waterfall: Ventas RumbaLatvia
17%
Joined Nato in June 2017Montenegro
17%
It changed its name in the Prespa agreementNorth Macedonia
17%
18 Roman emperors on there territorySerbia
17%
home to the oldest vine in the worldSlovenia
17%
Independent between 1917-21, and again in 1991Ukraine
17%

Score Distribution

Percentile by Number Answered

Percent of People with Each Score

Your Score History

You have not taken this quiz